Administrative centers of Ukrainian oblasts - Statistics

General Stats
  • This quiz has been taken 8 times
  • The average score is 19 of 25
Answer Stats
Oblast Administrative center % Correct
Cherkasy Cherkasy
100%
Kharkiv Kharkiv
100%
Kyiv Kyiv
100%
Lviv Lviv
100%
Chernihiv Chernihiv
86%
Dnipropetrovsk Dnipro
86%
Donetsk Donetsk
86%
Kherson Kherson
86%
Luhansk Luhansk
86%
Mykolaiv Mykolaiv
86%
Odesa Odesa
86%
Poltava Poltava
86%
Sumy Sumy
86%
Chernivtsi Chernivtsi
71%
Ivano-frankivsk Ivano-frankivsk
71%
Khmelnitskyi Khmelnitskyi
71%
Kirovohrad Kirovohrad
71%
Rivne Rivne
71%
Ternopil Ternopil
71%
Vinnytsia Vinnytsia
71%
Zhytomyr Zhytomyr
71%
Crimea Simferopol
57%
Volyn Volyn
43%
Zakarpattia Zakarpattia
43%
Zaporizhzhia Zaporizhzhia
43%
No matching quizzes found
Score Distribution
Percent of People with Each Score
Percentile by Number Answered
Your Score History
You have not taken this quiz